000 00605nam a2200229 i 4500
001 C2-0216019
003 PPAK
005 20180728104629.0
008 990510s1987 my |||| ||||| | may d
040 _aPPAK
_beng
_cPPAK
_erda
082 0 4 _a899.233
_2 23
090 0 0 _a899.233
_bPER
_dKSA
110 2 _aPersatuan Seniman Dan Penulis Kelantan (PUSPA),
_eauthor
245 1 0 _aSerendah 2
264 1 _aKelantan :
_c1987
300 _a64 pages ;
_c20 cm
336 _2rdacontent
_atext
337 _2rdamedia
_aunmediated
338 _2rdacarrier
_avolume
650 1 0 _aMalay Fiction
942 _ddc
_cB
999 _c159706
_d159706